| 000 | 00613cam a2200169 4500 | ||
|---|---|---|---|
| 082 |
_a669.73 _bRIS _cL-17, P-82 |
||
| 100 | 1 |
_aRyss, M. A. _945351 |
|
| 245 | 1 | 0 |
_aProduction of ferroalloys _c[by] M. Riss [and] Y. Khodorovsky. Translated from the Russian by I. V. Savin. |
| 260 |
_aMoscow, _bMir Publishers, _c1967. |
||
| 300 |
_a289 p. _billus. _c22 cm. |
||
| 500 | _aTranslation of Proizvodstvo ferrosplavov. | ||
| 526 |
_a0 _b0 _c0 _d669_730000000000000_RIS |
||
| 650 | 0 |
_aIron alloys. _945352 |
|
| 650 | 0 |
_aMetallurgical plants. _925757 |
|
| 700 | 1 |
_aKhodorovskiĭ, I͡A︡kov Naumovich, _945353 |
|
| 942 |
_2ddc _cBK |
||
| 999 |
_c548898 _d548898 |
||